La abolición del sistema penal: inconvenientes en Latinoamérica

সংরক্ষণ করুন:
গ্রন্থ-পঞ্জীর বিবরন
প্রধান লেখক: Martínez Sánchez, Mauricio (autor)
বিন্যাস: গ্রন্থ
ভাষা:স্প্যানিশ
প্রকাশিত: Bogotá Temis 1990
সংস্করন:1a. ed
বিষয়গুলি:
ট্যাগগুলো: ট্যাগ যুক্ত করুন
কোনো ট্যাগ নেই, প্রথমজন হিসাবে ট্যাগ করুন!

MARC

LEADER 00000cam a2200000 a 4500
001 UCC4778
003 CL-VaPUC
008 180824e19900000ck |||||||||||||||||spa|d
020 |a 8482724940 
082 0 4 |a 345  |b MAR  |2 21 
100 |a Martínez Sánchez, Mauricio  |e autor  |9 598970 
245 1 3 |a La abolición del sistema penal: inconvenientes en Latinoamérica 
250 |a 1a. ed 
300 |a 125 p 
942 |c BK 
945 |d 20180824 13:39:00  |a dcastane 
260 |a Bogotá  |b Temis  |c 1990 
650 7 |a DERECHO PENAL  |2 CL-VaPUC  |9 11 
650 0 |a Derecho procesal penal   |9 256392 
650 7 |a POLITICA CRIMINAL  |2 CL-VaPUC  |9 372625 
583 |a last modification  |c 20180824 13:39:00  |k Rodrigo Vera 
999 |c 372187  |d 372185 
952 |0 0  |1 0  |3 erb  |4 0  |6 345_000000000000000_MAR_1990  |7 0  |8 A  |9 489469  |a BIBDER  |b BIBDER  |e Mateluna Arestizabal, Alfredo Sergio  |i 5489393  |l 1  |o 345 MAR 1990  |p 5489393  |r 2023-08-16  |s 2023-08-07  |w 2019-11-24  |y BK  |z Catalogado en:20180824  |k DER